000 00713nam a22002057a 4500
003 OSt
005 20230125090658.0
008 220921b |||||||| |||| 00| 0 eng d
040 _cBiblioteca Lado V
082 _a779.944
_bL111p
100 _efotógrafo
_eautor
_9597
_aLa Rosa, Fernando
245 _aPhotographs/
_bFrame Series | 1978 - 1988/
260 _bPeru
_c1988
_aNexus Press
300 _a24p.
_c28x22cm
650 _2Tesauro de Arte & Arquitectura
_aFotografia
650 _2Tesauro de Arte & Arquitectura
_aPAISAJE URBANO
650 _2Tesauro de Arte & Arquitectura
_aBLANCO Y NEGRO
650 _2Tesauro de Arte & Arquitectura
_aARTE
942 _2ddc
_c1
_h779.944
_iL111p
_n0
999 _c2860
_d2860